Manažerské účetnictví a náklady a výnosy v reálném průběhu činnosti. 1

Rozbor rôznych foriem prejavu nákladov v reálnom priebehu činnosti podniku. Náklady v reálnom procese ich vynakladania.Toky nákladov a kalkulačné členenie nákladov. Náklady fixné a variabilné. Náklady z hľadiska ich návratnosti. Metóda kalkulácie ceny v plných nákladoch a čiastkových nákladoch. Cudz...

ver descrição completa

Na minha lista:
Detalhes bibliográficos
Autor principal: Janout, J.
Formato: Capítulo de Livro
Idioma:tcheco
Assuntos:
Tags: Adicionar Tag
Sem tags, seja o primeiro a adicionar uma tag!

MARC

LEADER 00000naa a2200000 4500
001 r014360
005 20221205080805.2
041 0 |a cze 
044 |a CZ 
245 1 0 |a Manažerské účetnictví a náklady a výnosy v reálném průběhu činnosti. 1  |c J. Janout 
520 |a Rozbor rôznych foriem prejavu nákladov v reálnom priebehu činnosti podniku. Náklady v reálnom procese ich vynakladania.Toky nákladov a kalkulačné členenie nákladov. Náklady fixné a variabilné. Náklady z hľadiska ich návratnosti. Metóda kalkulácie ceny v plných nákladoch a čiastkových nákladoch. Cudzojazyčné ekvivalenty na konci článku. 
610 2 0 |a účtovníctvo manažérske 
610 2 0 |a náklady 
610 2 0 |a výnosy 
100 1 |a Janout, J.